| 000 | 00712nam a2200241 a 4500 | ||
|---|---|---|---|
| 001 | 4651 | ||
| 003 | BD-RjUL | ||
| 005 | 20211208233930.0 | ||
| 008 | 160804s1946 enk 001 0 eng d | ||
| 035 | _a(BD-RjUL)4686 | ||
| 040 |
_aTXQ _cTXQ _dEQO _dBD-RjUL _beng |
||
| 041 | _aeng | ||
| 082 | 0 | 4 |
_223 _a347.41064 _bBUI 1946 |
| 100 | 1 |
_aBurrows, Roland, _d1882- _914667 |
|
| 245 | 1 | 0 |
_aInterpretation of documents / _cRoland Burrows. |
| 250 | _a2nd ed. | ||
| 260 |
_aLondon : _bButterworth & Co., ltd., _c1946. |
||
| 300 |
_alxix, 121 p., 8 p. ; _c19 cm. |
||
| 500 | _aIncludes Index | ||
| 650 | 0 |
_aLegal documents _zGreat Britain _914668 |
|
| 650 | 0 |
_aEvidence (Law) _zGreat Britain. _914138 |
|
| 942 |
_2ddc _cBK |
||
| 999 |
_c4651 _d4651 |
||